| 000 | 01093nam a2200241Ia 4500 | ||
|---|---|---|---|
| 001 | 16065 | ||
| 003 | GE_BSU | ||
| 008 | 181216s||||||||xx |||||||||||||| ||und|| | ||
| 040 | _cGE_BSU | ||
| 080 | _a821.353.1-1 | ||
| 100 | _aჯავახაძე, ვახტანგ | ||
| 245 | _aწეროების სამკუთხედი | ||
| 245 | _bლექსები | ||
| 245 | _cრედ.ლ.ნანიტაშვილი.მხ. დ.დუნდუა | ||
| 260 | _aთბილისი | ||
| 260 | _bსაბჭ. საქართველო | ||
| 260 | _c1978 | ||
| 300 | _a267გვ. ; 20სმ | ||
| 653 | _aლექსები | ||
| 653 | _aნეილონის თოვლი; უცნობი; მესამე სიხარული; გრაფიკული ლირიკა; ტრიალდება, ტრიალდება; ღია ქალაქი; გაზაფხულივით; ირონიული ლირიკა | ||
| 653 | _aწეროების სამკუთხედი | ||
| 942 | _cBK | ||
| 999 |
_c49155 _d49155 |
||